| 000 | 00434nam a2200121Ia 4500 | ||
|---|---|---|---|
| 008 | 171212s9999 xx 000 0 und d | ||
| 020 | _a9780833079954 | ||
| 100 | _aRobson, Sean | ||
| 245 |
_cRobson, Sean _aPhysical Fitness and Resilience _bA Review of Relevant Constructs, Measures, and Links to Well-Being |
||
| 260 |
_bRAND Corporation _c2013 |
||
| 650 | _aHealth Sciences | ||
| 856 | _uhttp://www.jstor.org/stable/10.7249/j.ctt5hhswd | ||
| 999 |
_c352407 _d352407 |
||